V prvom polroku vykázala Poisťovňa Tatra stratu, jej trhový podiel klesá

Hospodárenie Poisťovne Tatra, a.s. Bratislava v prvom polroku r. 2000. Hospodárenie s takmer štyri miliónovou stratou, porovnanie s r. 1999, kedy bola poisťovňa zisková. Príčiny záporného hospodárskeho výsledku. Predpísané poistné a obchodná produkcia Poisťovne Tatra. Vybrané hospodárske parametre p...

Ausführliche Beschreibung

Gespeichert in:
Bibliographische Detailangaben
1. Verfasser: Záborský, Ján
Format: Buchkapitel
Sprache:Slowakisch
Schlagworte:
Tags: Tag hinzufügen
Keine Tags, Fügen Sie das erste Tag hinzu!

MARC

LEADER 00000naa a2200000 4500
001 r039645
005 20230921110351.5
041 0 |a slo 
044 |a SK 
245 1 0 |a V prvom polroku vykázala Poisťovňa Tatra stratu, jej trhový podiel klesá  |c Ján Záborský 
520 |a Hospodárenie Poisťovne Tatra, a.s. Bratislava v prvom polroku r. 2000. Hospodárenie s takmer štyri miliónovou stratou, porovnanie s r. 1999, kedy bola poisťovňa zisková. Príčiny záporného hospodárskeho výsledku. Predpísané poistné a obchodná produkcia Poisťovne Tatra. Vybrané hospodárske parametre poisťovne. 
610 2 0 |a poisťovne 
610 2 0 |a hospodárenie finančné 
610 2 0 |a strata 
610 2 0 |a poistné 
610 2 0 |a výsledok hospodársky 
610 2 0 |a ukazovatele ekonomické 
610 2 0 |a Poisťovňa Tatra, a.s. Bratislava 
610 2 0 |a január-jún 
610 2 0 |a 2000 
100 1 |a Záborský, Ján